000 00784nam a22002657a 4500
001 BR7600016
003 BR-BrBNA
005 20230928084854.0
007 ta
008 230509b bl.||||| |||| 00| 0 por d
040 _aBR-BrBNA
_bpor
_cBiblioteca Nacional de Agricultura
041 _a(Por)
072 _aP12
090 _ P12 BR7600016
100 1 _aInteraminense, A.E.
110 1 _aUniversidade Federal de Vicosa, MG (Brasil)
_0Tese (Magister Scientiae)
245 1 _aImpermeabilizacao de canais de terra com substancias quimicas, para fins de irrigacao
260 3 _aVicosa, MG (Brasil):
_c1975.
300 _a48 p.
500 _a10 tables; 13 ref.; Summary (Por)
650 _aIRRIGACAO
650 _aCANAL
909 _a202309
_bLucia
_c55
_dLucia Elande
942 _cBK
999 _c21597
_d21597